Análisis golpe de ariete
Sábháilte in:
| Príomhchruthaitheoir: | |
|---|---|
| Formáid: | Anaithnid |
| Foilsithe / Cruthaithe: |
[San José, Costa Rica]
1973
|
| Ábhair: | |
| Clibeanna: |
Cuir clib leis
golpe
1
|
MARC
| LEADER | 00000 a2200000 4500 | ||
|---|---|---|---|
| 003 | 011446 | ||
| 005 | 20221231143820.0 | ||
| 008 | 140114s1973 c a m 000 ||s d | ||
| 040 | |c cru CEDI | ||
| 090 | |a TFG 526 | ||
| 100 | |a Jiménez Ulate, Bernal |9 16637 | ||
| 245 | |a Análisis golpe de ariete | ||
| 260 | |c 1973 |a [San José, Costa Rica] | ||
| 300 | |a 46 hojas : cuadros, gráficos, ilustraciones (algunas plegables) | ||
| 500 | |a Tesis (Ingeniero Civil) Universidad de Costa Rica | ||
| 650 | |x INSTITUTO COSTARRICENSE DE ELECTRICIDAD.. PROYECTO HIDROELECTRICO ARENAL |x GOLPE DE ARIETE |9 16638 | ||
| 942 | |c TFG | ||
| 999 | |c 12403 |d 12403 | ||
